Statistiques concernant Mots cachés n°3

Cliquez ici pour prendre le quiz!

Statistiques générales

  • Ce quiz a été pris 186 fois
  • Le résultat moyen est 24 sur 25

Statistiques - réponses

QuestionTuileSelect% Correct
kayak, nez et pile.BNon
100%
kayak, nez et pile.CNon
100%
kayak, nez et pile.DNon
100%
kayak, nez et pile.MNon
100%
kayak, nez et pile.UNon
100%
kayak, nez et pile.AOui
99%
kayak, nez et pile.LOui
99%
kayak, nez et pile.AOui
98%
kayak, nez et pile.KOui
98%
kayak, nez et pile.PNon
98%
kayak, nez et pile.YOui
98%
kayak, nez et pile.ENon
97%
kayak, nez et pile.ZOui
97%
kayak, nez et pile.KNon
96%
kayak, nez et pile.EOui
95%
kayak, nez et pile.ENon
95%
kayak, nez et pile.KNon
95%
kayak, nez et pile.EOui
93%
kayak, nez et pile.KOui
93%
kayak, nez et pile.NOui
92%
kayak, nez et pile.NNon
92%
kayak, nez et pile.INon
91%
kayak, nez et pile.IOui
90%
kayak, nez et pile.PNon
90%
kayak, nez et pile.POui
90%

Distribution des résultats

Percentile par nombre de réponses

% des personnes avec chaque résultat

Votre développement - résultats

Vous n’avez pas pris ce quiz